000 01104nam a2200265Ia 4500
005 20240530110911.0
008 140319s2008 le g b 000 0 ara d
017 _bمصر. دار الكتب
020 _a9789953821726
040 _aGCL /
_cGCL
082 0 4 _221
_a327.44053/
_bع ف
100 0 _aعلى محافظة
245 1 0 _aفرنسا والوحدة العربية :
_b1945 - 2000 /
_cعلى محافظة
250 _aط.1
260 _aبيروت :
_bمركز دراسات الوحدة العربية،
_c2008.
300 _a471 ص. ؛
_c24 سم.
490 0 _aمواقف الدول الكبرى من الوحدة العربية ؛
_v5.
504 _aيشتمل على ارجاعات ببليوجرافية
650 0 7 _2qrmak
_aالوحدة العربية
651 0 7 _2qrmak
_aفرنسا
_xالعلاقات الخارجية
_zالعالم العربى
651 0 7 _2qrmak
_aالعالم العربى
_xالعلاقات الخارجية
_zفرنسا
651 0 7 _2qrmak
_aفرنسا
_xالسياسة الخارجية
942 _2ddc
_cBK
999 _c66314
_d66314